Historia universal y de Latinoamérica : el tránsito a la edad moderna /

Gorde:
Xehetasun bibliografikoak
Beste egile batzuk: Wright, Esmond (dir.) Gidaria
Formatua: Liburua
Hizkuntza:gaztelania
Argitaratua: Barcelona, España : Nauta, fecha no identificada
Gaiak:
Etiketak: Etiketa erantsi
Etiketarik gabe, Izan zaitez lehena erregistro honi etiketa jartzen!

MARC

LEADER 00000nam^a2200000^a^4500
001 000018703
005 20250521000000.0
009 20260310084230.593
020 |a 84-278-0994-8 
037 |a Acervo ITESO - Biblioteca 
041 |a ESP 
082 |a 903.  |b HIS V.4 
100 |a Wright, Esmond  |e (dir.) 
240 1 1 |a [Historia universal y de Latinoamérica] 
245 1 0 |a Historia universal y de Latinoamérica :  |b el tránsito a la edad moderna /  |c Dir. de Esmond Wright. 
264 1 |a Barcelona, España :  |b Nauta,  |c fecha no identificada 
300 |a 200 p. 
336 |a texto  |b txt  |2 rdacontenido 
337 |a sin mediación  |b n  |2 rdamedio 
338 |a volumen  |b nc  |2 rdasoporte 
649 |a XX 
650 |a Europa -  |x Historia -  |y Siglo XV 
650 |a Europa -  |x Historia -  |y Siglo XVI 
650 |a Renacimiento 
650 |a Lejano Oriente -  |x Historia -  |y Siglo XV 
650 |a América -  |x Historia 
650 |a Historia -  |x Enciclopedias y Diccionarios 
910 |a Fondo General 
920 |a Impresos - Libros 
930 |a Obras de Referencia 
905 |a 102 
901 |a 0187030100  |b IT2  |c REF  |i 018703  |u 20250521 
902 |a https://opac.biblio.iteso.mx/vufind/Record/000018703